Novodobá prozaická tvorba Slovákov v Rumunsku (1976-2019)

Bibliographic Details
Main Author: Šenkár, Patrik, 1979- (Author)
Format: Book
Language:Slovak
PhysicalDescription:338 strán 21 cm
Published: Nadlak Vydavateľstvo - Editura Ivan Krasko 2019
ISBN:9789731071428
Series:Knižnica Dolnozemského Slováka
Subjects:

MARC

LEADER 00000cam a2200000 4500
001 vtls011898144
003 SK-MaSNL
005 20260301225011.0
008 210624s2019 rm grn 011 0 slo
015 |a SNBZSA2020/01 
020 |a 9789731071428  |q (brožované) 
035 |a urn:nbn:sk:snk-am00eddh 
035 |a urn:nbn:sk:snk-am3igom 
035 |a 3A4A5F99-8F01-470B-9FB9-CDCF7483EE77 
040 |a SNK  |b slo  |c SNK  |e rda 
041 0 |a slo  |b eng  |b rum  |b slo 
043 |a e-rm--- 
044 |a rm  |c RO 
072 7 |a 821.162.4.09  |x Slovenská literatúra (o nej)  |2 konspekt 
080 |a 323.15  |2 2011 
080 |a 808.1  |2 2011 
080 |a 821.162.4-051  |2 2011 
080 |a (498)  |2 2011 
080 |a (048.8)  |2 2011 
100 1 |a Šenkár, Patrik,  |d 1979-  |4 aut  |9 233059 
245 1 0 |a Novodobá prozaická tvorba Slovákov v Rumunsku (1976-2019)  |c Patrik Šenkár 
264 1 |a Nadlak  |b Vydavateľstvo - Editura Ivan Krasko  |c 2019 
300 |a 338 strán  |c 21 cm 
336 |a text  |b txt  |2 rdacontent 
337 |a bez média  |b n  |2 rdamedia 
338 |a zväzok  |b nc  |2 rdacarrier 
490 1 |a Knižnica Dolnozemského Slováka 
500 |a Obsahuje biografické údaje o autorovi na zadnej strane obálky 
500 |a Obsahuje obrazovú prílohu na strane 327-338 
504 |a Obsahuje bibliografické odkazy na strane 267-295 ; bibliografiu na strane 296-309 ; menný register na strane 319-323 
546 |a Resumé v angličtine, rumunčine a slovenčine 
648 7 |a 1976-2019  |2 SNKPH  |9 617976 
650 0 7 |a Slováci v zahraničí  |2 SNKPH  |9 14695 
650 0 7 |a literárna tvorba  |2 SNKPH  |9 4226 
650 0 7 |a slovenskí spisovatelia  |2 SNKPH  |9 1258 
650 0 7 |a Slovaks in foreign  |2 SNKPHeng  |9 265147 
650 0 7 |a Literary creation  |2 SNKPHeng  |9 265428 
650 0 7 |a Slovak authors  |2 SNKPHeng  |9 268018 
651 7 |a Rumunsko  |2 SNKPHgeo  |9 17409 
651 7 |a Romania  |2 SNKPHeng  |9 171770 
655 7 |a monografie  |2 SNKPH  |9 70139 
655 7 |a Monographs  |2 SNKPHeng  |9 120675 
830 0 |a Knižnica Dolnozemského Slováka  |9 304274 
919 |a 978-973-107-142-8 
958 |a ZS 
958 |a NB 
999 |c 949325  |d 951255 
952 |a SNK  |b SNK  |y PREZ  |7 0  |p 17A1389701  |o snkSC 186627  |i snk2019/28342  |8 1  |0 0  |1 0  |4 0  |d 2019-11-05  |f 1  |l 0  |r 2026-02-24 09:44:09  |w 2026-02-24 
952 |a SNK  |b SNK  |y VYP  |7 0  |p 17A1389700  |o snkSC 186627 D1  |i snk2019/28345  |8 1  |0 0  |1 0  |4 0  |d 2019-11-05  |l 0  |r 2026-02-24 09:44:09  |w 2026-02-24